Kraje świata w 1945 r. z mapą - Statystyki

Ogólne statystyki
  • Ten quiz został rozwiązany 4 901 razy
  • Średni wynik to 50 z 68
Odpowiedzi na mapie
Odpowiedzi zakodowano w zielono-czerwonej skali na mapie do tego quizu, zgodnie z poniższymi procentami.
 
Statystyki odpowiedzi
Państwo % Poprawnych
Polska
93%
Stany Zjednoczone
92%
Francja
90%
Kanada
89%
Wielka Brytania
89%
Chiny
86%
Hiszpania
85%
Meksyk
85%
Dania
83%
Portugalia
83%
Brazylia
82%
Włochy
82%
Czechosłowacja
81%
Egipt
81%
Japonia
81%
Turcja
81%
Australia
80%
Belgia
80%
Finlandia
80%
Holandia
80%
Norwegia
80%
Szwecja
80%
Argentyna
79%
Irlandia
79%
Mongolia
79%
Rumunia
79%
Islandia
78%
Jugosławia
78%
Chile
77%
Grecja
77%
Republika Południowej Afryki
77%
Węgry
77%
Iran
76%
Arabia Saudyjska
75%
Szwajcaria
75%
Bułgaria
74%
Irak
74%
Kuba
74%
Watykan
73%
Albania
72%
Peru
72%
Kolumbia
71%
Luksemburg
71%
San Marino
71%
Andora
70%
Nowa Zelandia
70%
Urugwaj
70%
Wenezuela
70%
Monako
69%
Boliwia
68%
Etiopia
67%
Liechtenstein
67%
Nepal
67%
Paragwaj
66%
Afganistan
64%
Panama
64%
Ekwador
63%
Tajlandia
62%
Związek Radziecki
62%
Dominikana
60%
Jemen
59%
Haiti
58%
Honduras
54%
Kostaryka
52%
Liberia
51%
Gwatemala
50%
Salwador
50%
Nikaragua
49%
Nie znaleziono quizów pasujących do podanych kryteriów
Rozkład punktacji
Procent ludzi z każdym wynikiem
Percentyl według liczby udzielonych odpowiedzi
Twoja historia wyników
Nie rozwiązałeś tego quizu